| 000 | 00787nas a2200241 4500 | ||
|---|---|---|---|
| 001 | BR7000036 | ||
| 003 | BR-BrBNA | ||
| 005 | 20231205082303.0 | ||
| 007 | ta | ||
| 008 | 230509b bl.|||p| |||| 00| 00por d | ||
| 040 |
_aBR-BrBNA _bpor _cBiblioteca Nacional de Agricultura |
||
| 041 | _a(Pt) | ||
| 072 | _aH20 | ||
| 100 | 1 | _aCruz Filho, J. da | |
| 245 | 1 | _aEfeito do tratamento com agua quente no controle do raquitismo sobre a producao em variedades de cana-de-acucar [Saccharum spp.] | |
| 650 | _aCANA DE ACUCAR | ||
| 650 | _aRAQUITISMO DAS SOQUEIRAS | ||
| 650 | _aTRATAMENTO TERMICO | ||
| 650 | _aVARIEDADE | ||
| 773 | 0 |
_tBrasil Acucareiro (Brazil) _xISSN 0006-9167 _g(Apr 1970), v. 75(4) p. 7-11 _wBR7000036 |
|
| 909 |
_a202311 _bLúcia _c55 _dLúcia Elande |
||
| 942 |
_2AGRIS _n0 _cANA |
||
| 999 |
_c90605 _d90605 |
||